LEADER 01810 am 2200565 n 450 001 9910252738503321 005 20180314 010 $a88-99559-14-7 010 $a88-99559-16-3 024 7 $a10.4000/books.edizionikaplan.838 035 $a(CKB)4100000001653860 035 $a(FrMaCLE)OB-edizionikaplan-838 035 $a(oapen)https://directory.doabooks.org/handle/20.500.12854/62071 035 $a(PPN)224387340 035 $a(EXLCZ)994100000001653860 100 $a20180410j|||||||| ||| 0 101 0 $aita 135 $auu||||||m|||| 181 $ctxt$2rdacontent 182 $cc$2rdamedia 183 $acr$2rdacarrier 200 10$aVideoarte $eStoria, autori, linguaggi /$fAlessandro Amaducci 210 $aTorino $cEdizioni Kaplan$d2018 215 $a1 online resource (212 p.) 311 $a88-89908-74-2 311 $a88-89908-99-8 330 $aLa straordinaria avventura di cinquant?anni di vita della videoarte viene qui raccontata con la formula di un manuale agile che cerca di coniugare processi storici con analisi linguistiche, guidando il lettore a scoprirne i protagonisti, le tendenze, le estetiche. 517 $aImmagine e il nulla 517 $aVideoarte 517 $aL'immagine e il nulla 606 $aFilm Radio Television 606 $avideo art 606 $aaesthetics 606 $avideoarte 606 $aestetica 606 $aesthétique 610 $avideo art 610 $aaesthetics 615 4$aFilm Radio Television 615 4$avideo art 615 4$aaesthetics 615 4$avideoarte 615 4$aestetica 615 4$aesthétique 700 $aAmaducci$b Alessandro$0438517 801 0$bFR-FrMaCLE 906 $aBOOK 912 $a9910252738503321 996 $aVideoarte$91541660 997 $aUNINA